Red pizzas for a blue count : (Record no. 111428)
[ view plain ]
| 000 -LEADER | |
|---|---|
| fixed length control field | 00409nam a2200157 a 4500 |
| 005 - DATE AND TIME OF LATEST TRANSACTION | |
| control field | 20140414131915.0 |
| 008 - FIXED-LENGTH DATA ELEMENTS--GENERAL INFORMATION | |
| fixed length control field | 100901s19uu xx 00 eng d |
| 020 ## - INTERNATIONAL STANDARD BOOK NUMBER | |
| International Standard Book Number | 0439559693 |
| 050 ## - LIBRARY OF CONGRESS CALL NUMBER | |
| Classification number | FIC |
| Item number | St5 2000 |
| 100 ## - MAIN ENTRY--PERSONAL NAME | |
| Personal name | Stilton, Geronimo |
| 245 ## - TITLE STATEMENT | |
| Title | Red pizzas for a blue count : |
| Remainder of title | Book 7. |
| 260 ## - PUBLICATION, DISTRIBUTION, ETC. (IMPRINT) | |
| Place of publication, distribution, etc | New York : |
| Name of publisher, distributor, etc | Scholastic, |
| Date of publication, distribution, etc | 2000. |
| 440 ## - SERIES STATEMENT/ADDED ENTRY--TITLE | |
| Title | Geronimo Stilton |
| Withdrawn status | Lost status | Damaged status | Use restrictions | Home library | Current library | Shelving location | Date acquired | Source of acquisition | Total Checkouts | Full call number | Barcode | Date last seen | Price effective from | Koha item type |
|---|---|---|---|---|---|---|---|---|---|---|---|---|---|---|
| Munich Library | Munich Library | Fiction Section | 09/02/2010 | FIC St5 2000 | M2146 | 04/14/2014 | 04/14/2014 | Books | ||||||
| Munich Library | Munich Library | Fiction Section | 09/24/2010 | FIC St5 2000 | M1380 | 04/14/2014 | 04/14/2014 | Books |